000 00236nam a2200109Ia 4500
100 _aDept.of Production engineering
942 _cBK
245 _aEngineering Mechanics 1(2012-2013)
260 _b#N/A
546 _aENGLISH
999 _c35367
_d35367